En Amérique du Nord #Spécial - Statistiques

Statistiques générales
  • Ce quiz a été pris 27 fois
  • Le résultat moyen est 16 sur 60
Statistiques - réponses
Phrase Réponse Terme Géographique % Correct
On a tous quelque chose de _ _ _ _ _ _ _ _ _ Tennessee État
88%
Walker _ _ _ _ _ Rangers Texas État
85%
Georges _ _ _ _ _ _ _ _ _ _ Washington Capitale ou État
77%
_ _ _ _ _ _ feuille ciseau Pierre Capitale d'état
69%
_ _ _ _ _ _ _ _ _ aux fraises Charlotte Ville de Caroline du Nord
65%
Serpent en anglais Snake Rivière
62%
Il est nécessaire au guacamole Avoca Ville du Michigan
58%
_ _ _ _ _ _ est l'anagramme de Vendre Denver Capitale d'état
58%
Anagramme de Sustentai Etats Unis Pays
58%
_ _ _ _ _ 5-0 est une série télévisée Hawai État
58%
Simply the best disait Whitney Houston Ville du Texas
54%
Signe du zodiaque Vierge Îles
54%
Je mange des tortilla old _ _ _ _ _ _ El Paso Ville du Texas
50%
Fleuve ou Désert Colorado État
46%
Un _ _ _ _shake ça vous dit Milk Rivière
46%
Hannah _ _ _ _ _ _ _ par Miley Cyrus Montana État
46%
De Malacca ou Départementale Détroit / D3 Ville
42%
Dis moi _ _ _ _ _ _ ce termine Kansas État
42%
Il joue a Lyon _ _ _ _ _ _ _ Depay Memphis Ville du Tennessee
42%
On se fait un _ _ _ _ _ _ _ Grill se soir Buffalo Ville de l'état de New York
38%
_ _ _ _ _ _ _ _ mi rat Missouri Fleuve
38%
Une deuxième Jeanne d'Arc vient d'arriver Nouvelle Orléans Ville de Louisiane
31%
Je n'est qu'une _ _ _ _ _ _ _ _ _ _ _ _ être accepté comme je suis Philadelphie Ville de Pennsylvanie
31%
Homonyme de ville Allemande Frankfort Capitale d'état
27%
Elle a le même gout que la mer Salt Lake City Capitale d'état
27%
Je me dirige _ _ _ _ _ _ _ canapé Vermont État
27%
Nom de pays européen devenu une ville Albany Ville de l'état de New York
23%
_ _ _ _ _ _ anglais, tu as contrôle lundi Boston Capitale sur l'Atlantique
23%
Il aurait du créer les 500 miles Indiana Jones Aventurier
23%
Son discours commence par "Il y a 87 ans" Lincoln Capitale d'état
23%
On y danse on y danse Charleston Ville de Caroline du Sud
19%
Chorégraphie Madison Capitale du Wisconsin
19%
United contre City, un _ _ _ _ _ mancunien Derby Ville du Conecticut
15%
_ _ _ _ _ _ _ _ _ bouddhistes Des Moines Capitale d'état
15%
J'ai perdu mon téléphone _ _ _ _ _ _ Mobile Ville d'Alabama
15%
Wesh _ _ _ _ _ _ _donalds réouvre Potomac Fleuve
15%
Par appartenance, Pago Pago est la capitale Samoa américaines Îles
15%
J'en_ _ _ _ _ ce que tu raconte Tampa Ville de Floride
15%
Son nom est proche de l'océan Atlanta Capitale d'état
12%
Mon équipement moto est _ _ _ _ _ _ Bering Mer ou détroit
12%
Tu _ _ _ _ _ le groupe de tête Maine État
12%
Se serai dire que l'Everest est "fortuné" Richmond Capitale d'état
12%
Chaîne nationale américaine Fox Île
8%
Pratico tenis de _ _ _ _ en espagnol Mesa Ville d'Arizona
8%
Les larmes du _ _ _ _ _ _ _ Phoenix Capitale d'état
8%
Unaverage gang a sorti l'album _ _ _ _ _ _ Alaska État
4%
Les ébénistes le _ _ _ _ _ chaque jour Boise Capitale d'état
4%
Tout le monde est présent sur internet Connecticut État
4%
Mon _ _ _ _ _che est en panne Fargo Ville d'un Dakota
4%
Sport national qui ne tourne pas rond Nascar Sport
4%
De Nouvelle Zélande jusqu'a a Californie Oakland Ville prés de San Francisco
4%
_ _ _ _ _che elle était la depuis tout ce temps Omaha Ville du Nebraska
4%
Ce n'est plus Eureka mais _ _ _ _ _ _ Topeka Capitale d'état
4%
On y fait que des crêpes la bas Chandeleur Îles de Floride
0%
Être éliminé maintenant est une véritable _ _ _ _ _ _ _ _ _ Déception Île
0%
Le Monster Mile de _ _ _ _ _ Dover Capitale d'état
0%
Marque de table de mixage Marshall Ville d'Alaska
0%
Certains te mordent, ben pas lui Maurepas Lac de Louisiane
0%
On sort de l'État _ _ _ _ _ _ _ _ _ _ Providence Capitale d'état
0%
_ _ _ _n !!!!!! Mais qu'est ce que t'a fait Waco Ville du Texas
0%
Aucun quiz correspondant
Distribution des résultats
% des personnes avec chaque résultat
Percentile par nombre de réponses
Votre historique - résultats
Vous n’avez pas pris ce quiz